| 000 -ლიდერი |
| ფიქსირებული სიგრძის საკონტროლო ველი |
00883nam a22001817a 4500 |
| 003 - საკონტროლო ნომრის იდენტიფიკატორი |
| საკონტროლო ველი |
Ge_BSU |
| 005 - ბოლო ოპერაციის თარიღი და დრო |
| საკონტროლო ველი |
20241021170209.0 |
| 008 - ფიქსირებული სიგრძის მონაცემთა ელემენტები - ზოგადი ინფორმაცია |
| ფიქსირებული სიგრძის საკონტროლო ველი |
241021s1979 ge ||||| |||| 00| 0 geo d |
| 041 ## - ენის კოდი |
| Language code of text/sound track or separate title |
geo |
| 080 ## - უნივერსალური ათობითი კლასიფიკაციის ინდექსი |
| Universal Decimal Classification number |
616.6(479.22)(092) ო-91 |
| 100 ## - მთავარი ჩანაწერი - პიროვნების სახელი |
| Personal name |
ოჩიგავა-გზირიშვილი, თამარ |
| 9 (RLIN) |
23467 |
| 245 ## - ცნობა სათაურის შესახებ |
| Title |
ალექსანდრე გზირიშვილი : |
| Remainder of title |
[უროლოგი. ცხოვრება და მოღვაწეობა] / |
| Statement of responsibility, etc |
თამარ ოჩიგავა-გზირიშვილი. |
| 264 ## - წარმოების, გამოცემის, დისტრიბუციის და სხვა ცნობები |
| გამოცემის, წარმოების, დისტრიბუციის... ადგილი |
თბ. : |
| გამოცემის, წარმოების, დისტრიბუციის... სახელწოდება |
მეცნიერება, |
| გამოცემის, წარმოების, დისტრიბუციის... თარიღი |
1979. |
| 300 ## - ფიზიკური აღწერა |
| Extent |
216 გვ. : |
| Other physical details |
ილ. 1ფ. პორტრ. ; |
| Dimensions |
21სმ. |
| 653 ## - INDEX TERM--UNCONTROLLED |
| Uncontrolled term |
გზირიშვილი, ალექსანდრე |
| 653 ## - INDEX TERM--UNCONTROLLED |
| Uncontrolled term |
ქართველი უროლოგები |
| 942 ## - ADDED ENTRY ELEMENTS (KOHA) |
| Source of classification or shelving scheme |
|
| Koha item type |
წიგნი |